<?xml version="1.0" encoding="UTF-8"?>
<collection xmlns="http://www.loc.gov/MARC21/slim">
 <record>
  <leader>01574nam a2200253 a 4500</leader>
  <controlfield tag="001">1/46865</controlfield>
  <controlfield tag="008">070124s2006    gr o     bi   00110 gre d</controlfield>
  <datafield tag="020" ind1=" " ind2=" ">
   <subfield code="a">9789606872006</subfield>
  </datafield>
  <datafield tag="035" ind1=" " ind2=" ">
   <subfield code="l">49844</subfield>
  </datafield>
  <datafield tag="040" ind1=" " ind2=" ">
   <subfield code="a">GR-PeUP</subfield>
  </datafield>
  <datafield tag="082" ind1="0" ind2="0">
   <subfield code="a">770 ΚΑΡ</subfield>
  </datafield>
  <datafield tag="100" ind1="1" ind2=" ">
   <subfield code="a">Καρδαμίτση- Αδάμη, Μάρω.</subfield>
  </datafield>
  <datafield tag="245" ind1="1" ind2="0">
   <subfield code="a">Αθήνα :</subfield>
   <subfield code="b">τεκμήρια φωτογραφικού αρχείου = Athens: photo archive documents /</subfield>
   <subfield code="c">Κείμενα : Μάρω Καρδαμίτση- Αδάμη.</subfield>
  </datafield>
  <datafield tag="246" ind1="1" ind2="1">
   <subfield code="a">Athens:</subfield>
   <subfield code="b">photo archive documents.</subfield>
  </datafield>
  <datafield tag="250" ind1=" " ind2=" ">
   <subfield code="a">2η εκδ.</subfield>
  </datafield>
  <datafield tag="260" ind1="0" ind2=" ">
   <subfield code="a">Αθήνα :</subfield>
   <subfield code="b">Γενική Γραμματεία Επικοινωνίας ;</subfield>
   <subfield code="b">Γενική Γραμματεία Ενημέρωσης,</subfield>
   <subfield code="c">2009.</subfield>
  </datafield>
  <datafield tag="300" ind1=" " ind2=" ">
   <subfield code="a">312 σ. :</subfield>
   <subfield code="b">εικ. φωτογραφίες ;</subfield>
   <subfield code="c">21 εκ.</subfield>
  </datafield>
  <datafield tag="504" ind1=" " ind2=" ">
   <subfield code="a">Περιέχει βιβλιογραφία και ευρετήριο.</subfield>
  </datafield>
  <datafield tag="650" ind1=" " ind2="4">
   <subfield code="a">Δημόσια κτήρια</subfield>
   <subfield code="z">Ελλάδα</subfield>
   <subfield code="z">Αττική (Νομός)</subfield>
   <subfield code="z">Αθήνα.</subfield>
  </datafield>
  <datafield tag="650" ind1=" " ind2="4">
   <subfield code="a">Φωτογραφικές συλλογές</subfield>
   <subfield code="z">Ελλάδα</subfield>
   <subfield code="z">Αττική (Νομός)</subfield>
   <subfield code="z">Αθήνα</subfield>
   <subfield code="x">Εκθέσεις.</subfield>
  </datafield>
  <datafield tag="651" ind1=" " ind2="4">
   <subfield code="a">Αθήνα</subfield>
   <subfield code="x">Κτήρια, οικοδομήματα κλπ</subfield>
   <subfield code="x">Εκθέσεις.</subfield>
  </datafield>
  <datafield tag="710" ind1="2" ind2=" ">
   <subfield code="a">Ελληνική Δημοκρατία.</subfield>
   <subfield code="b">Γενική Γραμματεία Επικοινωνίας.</subfield>
  </datafield>
  <datafield tag="710" ind1="2" ind2=" ">
   <subfield code="a">Ελληνική Δημοκρατία.</subfield>
   <subfield code="b">Γενική Γραμματεία Ενημέρωσης.</subfield>
  </datafield>
  <datafield tag="852" ind1=" " ind2=" ">
   <subfield code="a">INST</subfield>
   <subfield code="b">UNIPILB</subfield>
   <subfield code="c">MAIN</subfield>
   <subfield code="e">20161221</subfield>
   <subfield code="h">770 ΚΑΡ</subfield>
   <subfield code="p">00176623</subfield>
   <subfield code="q">00176623</subfield>
   <subfield code="t">NOLOAN</subfield>
   <subfield code="y">23</subfield>
   <subfield code="4">1</subfield>
  </datafield>
 </record>
</collection>
